[Event "DVM U12 2012"]
[Site "Verden/Aller GER"]
[Date "2012.12.28"]
[Round "3"]
[White "Bock, Alexander"]
[Black "Voigt, Tobias"]
[Result "1-0"]
[Termination "normal"]
[Board "5.4"]
[WhiteElo "1012"]
[BlackElo "963"]
[WhiteTeam "SG Blau-Weiß Stadtilm"]
[BlackTeam "SK München Südost"]
[BlackFideId "12977314"]
[EventCountry "GER"]
[EventRounds "7"]
[EventType "team-swiss"]
[EventDate "2012.12.26"]

1. e4 e5 2. Nf3 Nc6 3. d3 Nf6 4. g3 d5 5. Nbd2 Bg4 6. Bg2 Bc5 7. O-O Qd7 8. b3
Bh3 9. Bb2 d4 10. Nc4 Qe6 11. Ng5 Qe7 12. Bxh3 O-O 13. Bg2 h6 14. Nh3 Bb4 15.
f4 b5 16. fxe5 Nxe5 17. Nxe5 Qxe5 18. Rf5 Qd6 19. Rxb5 Bc3 20. Bxc3 dxc3 21. e5
Qd4+ 22. Kh1 Qd7 23. exf6 Qxb5 24. Qg4 g6 25. Qh4 h5 26. Bxa8 Rxa8 27. Re1 Qc6+
28. Qe4 Qxe4+ 29. Rxe4 c5 30. Kg2 a5 31. Kf3 c4 32. Rxc4 a4 33. Rxa4 Rxa4 34.
bxa4 h4 35. a5 hxg3 36. hxg3 g5 37. Nxg5 Kf8 38. a6 Ke8 39. a7 Kd7 40. a8=Q Kd6
41. Nxf7+ Kc5 42. Ne5 Kd4 43. Qe4+ Kc5 44. f7 Kd6 45. f8=Q+ Ke6 46. Nc4+ Kd7
47. Qd6+ Kc8 48. Qec6# 1-0

[Event "DVM U12 2012"]
[Site "Verden/Aller GER"]
[Date "2012.12.28"]
[Round "3"]
[White "Stirner, Christof"]
[Black "Burg, Niclas"]
[Result "0-1"]
[Termination "normal"]
[Board "6.1"]
[WhiteElo "1451"]
[BlackElo "1688"]
[WhiteTeam "SR Spaichingen"]
[BlackTeam "SV Worms 1878"]
[WhiteFideId "16200837"]
[BlackFideId "1271968"]
[EventCountry "GER"]
[EventRounds "7"]
[EventType "team-swiss"]
[EventDate "2012.12.26"]

1. e4 c5 2. Nf3 Nc6 3. d4 cxd4 4. Nxd4 Nf6 5. Nxc6 bxc6 6. Nc3 e5 7. Bd3 Bb4 8.
Bd2 O-O 9. a3 Bxc3 10. Bxc3 Re8 11. O-O d5 12. Re1 d4 13. Bb4 Qb6 14. Rb1 c5
15. Bd2 Ba6 16. Bxa6 Qxa6 17. Qe2 Qxe2 18. Rxe2 c4 19. Bb4 Red8 20. Rd1 Rac8
21. f3 Nd7 22. Be7 Re8 23. Bb4 Nb6 24. c3 d3 25. Red2 Rc6 26. Ba5 Nd7 27. Bb4
Ra8 28. Be7 f6 29. a4 Kf7 30. Bb4 a5 31. Ba3 Nb6 32. Kf2 Nxa4 33. Ke3 Rb8 34.
Rc1 Rcb6 35. Rb1 Rb3 36. Ra1 Nxb2 37. Bxb2 Rxb2 38. Rad1 a4 39. h4 a3 40. Rxb2
Rxb2 41. g4 Re2# 0-1

[Event "DVM U12 2012"]
[Site "Verden/Aller GER"]
[Date "2012.12.28"]
[Round "3"]
[White "Guckes, Fabian"]
[Black "Zetto, Lukas"]
[Result "1-0"]
[Termination "normal"]
[Board "6.2"]
[WhiteElo "1321"]
[BlackElo "1204"]
[WhiteTeam "SV Worms 1878"]
[BlackTeam "SR Spaichingen"]
[WhiteFideId "1271995"]
[BlackFideId "16261747"]
[EventCountry "GER"]
[EventRounds "7"]
[EventType "team-swiss"]
[EventDate "2012.12.26"]

1. e4 e6 2. d4 d5 3. e5 c5 4. c3 Nc6 5. Nf3 cxd4 6. cxd4 Bb4+ 7. Bd2 Bxd2+ 8.
Qxd2 Qa5 9. Nc3 b6 10. Bd3 Ba6 11. O-O Nge7 12. a3 b5 13. Rad1 Qb6 14. b4 O-O
15. Rc1 Nf5 16. Ne2 Kh8 17. Bxf5 exf5 18. Qc2 Rac8 19. Qxf5 Ne7 20. Qd3 Rc4 21.
Ng5 Ng6 22. Nf4 Bb7 23. e6 f5 24. Nxg6+ Kg8 25. Ne7+ Kh8 26. Nf7+ Rxf7 27. exf7
Qd8 28. Qxf5 Qxe7 29. Qh3 1-0

[Event "DVM U12 2012"]
[Site "Verden/Aller GER"]
[Date "2012.12.28"]
[Round "3"]
[White "Schrägle, Thorsten"]
[Black "Faal, Marcel"]
[Result "0-1"]
[Termination "normal"]
[Board "6.3"]
[WhiteElo "1155"]
[BlackElo "1261"]
[WhiteTeam "SR Spaichingen"]
[BlackTeam "SV Worms 1878"]
[WhiteFideId "16224248"]
[BlackFideId "1271978"]
[EventCountry "GER"]
[EventRounds "7"]
[EventType "team-swiss"]
[EventDate "2012.12.26"]

1. e4 c5 2. Bc4 e6 3. Nc3 Nc6 4. Nf3 Nf6 5. Qe2 Be7 6. d3 d5 7. exd5 exd5 8.
Bb5 O-O 9. Bxc6 bxc6 10. Bf4 Re8 11. O-O-O Nh5 12. Be3 d4 13. Ne4 dxe3 14. fxe3
Nf6 15. Ng3 Bd6 16. Qf2 Qc7 17. Rhe1 Bxg3 18. hxg3 Bg4 19. e4 Qb6 20. Rd2 Rab8
21. c3 Bxf3 22. gxf3 Nd7 23. Qh2 Qb5 24. Rh1 h6 25. Qh3 Ne5 26. Qf1 c4 27. dxc4
Nxc4 28. Rc2 Ne3 29. Qxb5 cxb5 30. Re2 Nc4 31. b3 Ne5 32. f4 Ng6 33. f5 Ne5 34.
Rg2 Rbd8 35. g4 f6 36. Kb2 Rd7 37. a4 a6 38. axb5 axb5 39. Ka3 Rb8 40. Kb4 Nc6+
41. Kc5 Ne5 42. Ra1 Nd3+ 43. Kc6 Rdd8 44. Kc7 Rdc8+ 45. Kd6 Rxc3 46. Rg3 b4 47.
Rb1 Kf7 48. Kd7 Ne5+ 49. Kd6 Rd8# 0-1

[Event "DVM U12 2012"]
[Site "Verden/Aller GER"]
[Date "2012.12.28"]
[Round "3"]
[White "Wiedemann, Julia"]
[Black "Klein, Sebastian"]
[Result "1-0"]
[Termination "normal"]
[Board "6.4"]
[WhiteElo "1178"]
[BlackElo "941"]
[WhiteTeam "SV Worms 1878"]
[BlackTeam "SR Spaichingen"]
[WhiteFideId "12959499"]
[BlackFideId "16200845"]
[EventCountry "GER"]
[EventRounds "7"]
[EventType "team-swiss"]
[EventDate "2012.12.26"]

1. e4 e5 2. Nf3 Nc6 3. Bb5 Bd6 4. O-O a6 5. Bxc6 bxc6 6. d4 exd4 7. Qxd4 c5 8.
Qxg7 Qf6 9. Qxf6 Nxf6 10. e5 Nd5 11. exd6 cxd6 12. Re1+ Kd8 13. Bd2 Bb7 14. Na3
Rg8 15. Kh1 Nb4 16. Bxb4 cxb4 17. Nc4 Rc8 18. Nxd6 Rxc2 19. Nxb7+ Kc7 20. Rac1
Rxc1 21. Rxc1+ Kxb7 22. Re1 Kc6 23. Ne5+ Kc7 24. Nxf7 d5 25. f4 Rf8 26. Re7+
Kc6 27. Ne5+ Kd6 28. Rd7+ Ke6 29. g3 Rf5 30. Rxh7 d4 31. Kg2 Kd5 32. Rd7+ Ke4
33. Kf2 a5 34. Ke2 Rh5 35. h4 Rh8 36. Re7 Rd8 37. Nc4+ Kd5 38. Nb6+ 1-0

[Event "DVM U12 2012"]
[Site "Verden/Aller GER"]
[Date "2012.12.28"]
[Round "3"]
[White "Rätzke von Stoyentin, Steffen"]
[Black "Savchenko, Daniel"]
[Result "1/2-1/2"]
[Termination "normal"]
[Board "7.1"]
[WhiteElo "1754"]
[BlackElo "1650"]
[WhiteTeam "SC Aurich"]
[BlackTeam "Schachfreunde Gerresheim 86"]
[WhiteFideId "12907502"]
[BlackFideId "12919195"]
[EventCountry "GER"]
[EventRounds "7"]
[EventType "team-swiss"]
[EventDate "2012.12.26"]

1. d4 d5 2. c4 e6 3. Nf3 c5 4. cxd5 exd5 5. g3 Nc6 6. Bg2 c4 7. Ne5 Bb4+ 8. Bd2
Bxd2+ 9. Qxd2 Nf6 10. Nxc6 bxc6 11. Nc3 O-O 12. b3 cxb3 13. axb3 Qb6 14. O-O
Bf5 15. Ra3 Rad8 16. Rfa1 Rd7 17. Na4 Qb8 18. Nc5 Re7 19. Qa2 Rfe8 20. e3 Ne4
21. Nxe4 dxe4 22. Rxa7 Rxa7 23. Qxa7 Qxb3 24. Qc5 Qd5 25. h4 Rc8 26. Bf1 h6 27.
Ba6 Rb8 28. Qa7 Qd6 29. Bc4 Bd7 30. d5 Rc8 31. Be2 Kh7 32. dxc6 Rxc6 33. Rd1
Rc7 34. Qa8 Qe7 35. Qa5 Rb7 36. Qd5 Ra7 37. Bc4 Be6 38. Qxe4+ g6 39. Bxe6 fxe6
40. h5 Qf7 41. Rd6 Re7 42. hxg6+ Qxg6 43. Qxg6+ Kxg6 44. Kg2 Kf6 45. Kh3 Ra7
46. Rd4 Ra5 47. Rh4 Kg6 48. e4 Ra4 49. Rg4+ Kf7 50. Kh4 Ra5 51. f4 Rb5 52. Kh3
Rb2 53. Rh4 Rb1 54. Kg4 Rb4 55. e5 Kg6 56. Rh1 Rb7 57. Rc1 h5+ 58. Kh3 Kf5 59.
Rc8 Rg7 60. Rf8+ Ke4 61. Rf6 Kf3 62. Kh4 Rxg3 63. Kxh5 Rg4 64. Rxe6 Rxf4 65.
Re8 1/2-1/2

[Event "DVM U12 2012"]
[Site "Verden/Aller GER"]
[Date "2012.12.28"]
[Round "3"]
[White "Oezdemir, Edwin-Daniel"]
[Black "Neumann, Tiemon"]
[Result "1-0"]
[Termination "time forfeit"]
[Board "7.2"]
[WhiteElo "1243"]
[BlackElo "1729"]
[WhiteTeam "Schachfreunde Gerresheim 86"]
[BlackTeam "SC Aurich"]
[WhiteFideId "12919055"]
[BlackFideId "12925462"]
[EventCountry "GER"]
[EventRounds "7"]
[EventType "team-swiss"]
[EventDate "2012.12.26"]

1. e4 e5 2. Nf3 Nc6 3. Bb5 Nd4 4. Nxd4 exd4 5. Bc4 Nf6 6. d3 d6 7. O-O Be7 8.
Nd2 O-O 9. f4 a5 10. a3 Be6 11. Ba2 Nd7 12. Nf3 Bf6 13. Qe1 Re8 14. Qg3 Bxa2
15. Rxa2 Qe7 16. h4 h5 17. Ra1 Nf8 18. Bd2 Ng6 19. Ng5 Bxg5 20. Qxg5 Qxg5 21.
hxg5 f5 22. Rae1 fxe4 23. dxe4 b6 24. g3 Rad8 25. Rf2 Rd7 26. Kg2 Rde7 27. Kf3
h4 28. g4 Kf7 29. Rh2 Rh8 30. Rh3 c5 31. b3 Rhe8 32. a4 Rc8 33. Re2 Rce8 34.
Be1 Rh8 35. Bd2 Rhe8 36. Rh1 1-0

[Event "DVM U12 2012"]
[Site "Verden/Aller GER"]
[Date "2012.12.28"]
[Round "3"]
[White "Wessels, Julian"]
[Black "Zhuk, Margarita"]
[Result "1-0"]
[Termination "normal"]
[Board "7.3"]
[WhiteElo "1299"]
[BlackElo "1240"]
[WhiteTeam "SC Aurich"]
[BlackTeam "Schachfreunde Gerresheim 86"]
[WhiteFideId "12930520"]
[EventCountry "GER"]
[EventRounds "7"]
[EventType "team-swiss"]
[EventDate "2012.12.26"]

1. e4 e5 2. Nf3 Nf6 3. Nxe5 d6 4. Nf3 Nxe4 5. d4 d5 6. Bf4 Nc6 7. Bb5 Bd7 8.
Nbd2 Qf6 9. Bxc6 Qxf4 10. Bxd5 Nxd2 11. Qxd2 Qxd2+ 12. Kxd2 c6 13. Bb3 f6 14.
Rhe1+ Kd8 15. Bf7 Kc7 16. h3 Bd6 17. Rad1 Rhf8 18. Bb3 c5 19. d5 b5 20. c3 c4
21. Bc2 Rae8 22. Kc1 Kb6 23. Nd4 Re7 24. Rxe7 Bxe7 25. Ne6 Bxe6 26. dxe6 Re8
27. Bxh7 Bc5 28. Bf5 Bxf2 29. Kc2 g5 30. Rd2 Bc5 31. g3 Kc6 32. h4 a5 33. h5 g4
34. Bxg4 Rg8 35. Bf5 Rxg3 36. Bg6 f5 37. Bxf5 Rg5 38. Bg6 Re5 39. Bf5 a4 40. a3
Kb6 41. Rh2 Rd5 42. Rh1 Bf8 43. h6 Kc6 44. Rg1 Bg7 45. Kb1 Bxc3 46. e7 Kc5 {
Notation unvollständig} 1-0

[Event "DVM U12 2012"]
[Site "Verden/Aller GER"]
[Date "2012.12.28"]
[Round "3"]
[White "Rodzin, Konstantin"]
[Black "Ufkes, Thilo"]
[Result "1-0"]
[Termination "normal"]
[Board "7.4"]
[WhiteElo "999"]
[BlackElo "895"]
[WhiteTeam "Schachfreunde Gerresheim 86"]
[BlackTeam "SC Aurich"]
[BlackFideId "12928755"]
[EventCountry "GER"]
[EventRounds "7"]
[EventType "team-swiss"]
[EventDate "2012.12.26"]

1. e4 c5 2. Nf3 Nc6 3. d4 cxd4 4. Nxd4 e5 5. Nb3 Nf6 6. Nc3 Be7 7. f3 O-O 8.
Be3 d6 9. Qd2 Be6 10. Nd5 Rc8 11. O-O-O b6 12. Bc4 Ne8 13. Nxe7+ Qxe7 14. Bxe6
Qxe6 15. Qd5 Qxd5 16. exd5 Nb4 17. Na1 Nxa2+ 18. Kb1 Nb4 19. c3 Na6 20. Nb3 Nf6
21. g4 Nc7 22. c4 e4 23. g5 Nd7 24. fxe4 Rfe8 25. Nd2 f6 26. Rhf1 Rf8 27. h4
fxg5 28. hxg5 Na6 29. b3 Nb4 30. Nf3 Rf7 31. Nd4 Rcf8 32. Rxf7 Rxf7 33. Nb5 Nc5
34. Nxd6 Rd7 35. Bxc5 bxc5 36. Nf5 Rf7 37. d6 Rd7 38. e5 Kf7 39. Rd2 Nc6 40.
Re2 Ke6 41. Nh4 Nxe5 42. Nf3 Rxd6 43. Rxe5+ Kf7 44. Rxc5 Rd1+ 45. Kc2 Ra1 46.
Kb2 Ra6 47. Ne5+ Kf8 48. Rd5 Re6 49. c5 Re7 50. c6 Rc7 51. Kc3 a6 52. Kc4 Ke8
53. Kc5 Rc8 54. Rd7 Kf8 55. c7 a5 56. Rd8+ Ke7 57. Rxc8 a4 58. bxa4 1-0

[Event "DVM U12 2012"]
[Site "Verden/Aller GER"]
[Date "2012.12.28"]
[Round "3"]
[White "Eurich, Alexander"]
[Black "Joeres, Stefan"]
[Result "0-1"]
[Termination "normal"]
[Board "8.1"]
[WhiteElo "1120"]
[BlackElo "1321"]
[WhiteTeam "SF Biberach"]
[BlackTeam "Karlsruher SF 1853"]
[WhiteFideId "12953121"]
[BlackFideId "12983160"]
[EventCountry "GER"]
[EventRounds "7"]
[EventType "team-swiss"]
[EventDate "2012.12.26"]

1. e4 e5 2. Nf3 Nc6 3. Bc4 Bc5 4. c3 Nf6 5. d4 exd4 6. cxd4 Bb4+ 7. Nc3 Nxe4 8.
O-O Bxc3 9. Qb3 O-O 10. bxc3 Na5 11. Qb4 Nxc4 12. Qxc4 d5 13. Qd3 Bf5 14. Re1
c6 15. Nd2 Re8 16. Bb2 Qb6 17. Nb3 Bg6 18. Re3 Nxf2 19. Qe2 Rxe3 20. Qxe3 Ne4
21. Ba3 Qc7 22. Nc5 Nxc5 23. Bxc5 b6 24. Re1 Be4 25. Ba3 Re8 26. Bc1 f6 27. Rf1
Bg6 28. Qf3 Qe7 29. Bd2 Qe2 30. Qf4 Qe7 31. Rf2 Bd3 32. h3 Kf7 33. Qf3 Bc4 34.
Qh5+ Kg8 35. a3 Be2 36. Qh4 Qxa3 37. Qg3 Qe7 38. Bh6 Qf7 39. Bg5 Qg6 40. Bf4
Qxg3 41. Bxg3 a5 42. Bc7 a4 43. Bxb6 a3 44. Ba5 a2 45. c4 a1=Q+ 46. Kh2 Qxa5
47. cxd5 Qc7+ 48. Kg1 Qg3 49. dxc6 Ba6 50. Rf1 Bxf1 51. c7 Bxg2 52. d5 Re1# 0-1

[Event "DVM U12 2012"]
[Site "Verden/Aller GER"]
[Date "2012.12.28"]
[Round "3"]
[White "Koll, Lukas"]
[Black "Fischer, Patrick"]
[Result "1-0"]
[Termination "normal"]
[Board "8.2"]
[WhiteElo "1340"]
[BlackElo "1278"]
[WhiteTeam "Karlsruher SF 1853"]
[BlackTeam "SF Biberach"]
[WhiteFideId "12969737"]
[BlackFideId "12953075"]
[EventCountry "GER"]
[EventRounds "7"]
[EventType "team-swiss"]
[EventDate "2012.12.26"]

1. e4 d5 2. exd5 Nf6 3. Nc3 Nxd5 4. Nxd5 Qxd5 5. Nf3 Bf5 6. d3 e5 7. Be2 Nc6 8.
Bd2 O-O-O 9. Nh4 Be6 10. Bf3 Qd4 11. Bxc6 bxc6 12. Nf3 Qd5 13. h3 e4 14. dxe4
Qxe4+ 15. Qe2 Qxe2+ 16. Kxe2 Bc4+ 17. Kd1 Bc5 18. Ne5 Bd5 19. f3 Rhe8 20. Nd3
Bb6 21. Re1 Rxe1+ 22. Nxe1 Ba5 23. c3 Kd7 24. Kc2 Ke6 25. Nd3 Kf5 26. b3 Re8
27. a4 Re2 28. g4+ Kg6 29. Nf4+ Kf6 30. Nxe2 Bxf3 31. Rf1 Ke6 32. Rxf3 Ke7 33.
b4 Bb6 34. a5 Bc5 35. bxc5 g6 36. Bg5+ Kf8 37. Nd4 a6 38. Ne6+ Kg8 39. Nxc7 Kg7
40. Bf6+ Kh6 41. g5+ Kh5 42. h4 h6 43. gxh6 Kxh6 44. Bd4 g5 45. hxg5+ Kxg5 46.
Rxf7 Kg6 47. Rf6+ Kh7 48. Rxc6 Kg8 49. Rg6+ Kf7 50. Nd5 Ke8 51. Rg7 Kd8 52. Nb6
Ke8 53. c6 Kd8 54. c7+ Ke8 55. c8=Q# 1-0

[Event "DVM U12 2012"]
[Site "Verden/Aller GER"]
[Date "2012.12.28"]
[Round "3"]
[White "Koll, Linus"]
[Black "Melzig, Leon"]
[Result "1-0"]
[Termination "normal"]
[Board "8.4"]
[WhiteElo "1197"]
[BlackElo "1072"]
[WhiteTeam "Karlsruher SF 1853"]
[BlackTeam "SF Biberach"]
[WhiteFideId "12990299"]
[BlackFideId "12953148"]
[EventCountry "GER"]
[EventRounds "7"]
[EventType "team-swiss"]
[EventDate "2012.12.26"]

1. e4 e5 2. Nf3 Nc6 3. Bc4 Bc5 4. Nc3 Nf6 5. d3 d6 6. Bg5 Be6 7. Nd5 h6 8. Bh4
Nd4 9. c3 Nxf3+ 10. Qxf3 Bxd5 11. Bxf6 Bxe4 12. dxe4 Qxf6 13. Qxf6 gxf6 14. a4
a6 15. Ke2 c6 16. b4 Ba7 17. b5 Bc5 18. Rhb1 a5 19. bxc6 bxc6 20. Rb7 Rh7 21.
Rc7 Rg7 22. g3 Rb8 23. Kf3 Rb6 24. Ra7 Rb2 25. Ra8+ Ke7 26. Be2 d5 27. exd5 e4+
28. Kxe4 Rxe2+ 29. Kd3 Rxf2 30. Kc4 Bb6 31. dxc6 Bd8 32. Rd1 Rg8 33. c7 Rg4+
34. Kb3 Bxc7 35. Ra7 Rxh2 36. Rxc7+ Ke8 37. Rdd7 Rg7 38. Ra7 Rh5 39. Re7+ Kf8
40. Reb7 Kg8 41. Rb5 Rgg5 42. Rab7 f5 43. Rxa5 f4 44. Ra8+ Kg7 45. gxf4 Rg1 46.
Rbb8 Rb1+ 47. Kc2 Rxb8 48. Rxb8 Rf5 49. Rb4 h5 50. Kd2 h4 51. Ke2 Kg6 52. Kf3
Rh5 53. Kg4 h3 54. Rb1 Rc5 55. Kxh3 Rxc3+ 56. Kg4 Rc4 57. a5 Ra4 58. Rb6+ f6
59. a6 Kf7 60. Rb7+ Ke6 61. a7 Ra5 62. Rh7 Ra4 63. Rb7 f5+ { Notation
unvollständig} 1-0

[Event "DVM U12 2012"]
[Site "Verden/Aller GER"]
[Date "2012.12.28"]
[Round "3"]
[White "Zimmer, Luca"]
[Black "Roos, Jonas"]
[Result "0-1"]
[Termination "normal"]
[Board "9.1"]
[WhiteElo "1124"]
[BlackElo "1510"]
[WhiteTeam "Turm Wadern"]
[BlackTeam "SC Porta Westfalica Holtrup 1950"]
[WhiteFideId "12921424"]
[BlackFideId "16200721"]
[EventCountry "GER"]
[EventRounds "7"]
[EventType "team-swiss"]
[EventDate "2012.12.26"]

1. e4 c5 2. Nc3 Nc6 3. f4 g6 4. Bb5 Nd4 5. d3 Bg7 6. Bc4 e6 7. Nf3 Nxf3+ 8.
Qxf3 Ne7 9. O-O O-O 10. Qh3 d5 11. Bb3 a6 12. Be3 d4 13. f5 exf5 14. Bg5 dxc3
15. exf5 Bxf5 16. Qh4 Qd4+ 17. Kh1 Qxh4 18. Bxh4 cxb2 19. Rab1 Nc6 20. Bf2 Nd4
21. Rxb2 Nxb3 22. Rxb3 b5 23. Bxc5 Rfc8 24. Be3 Rxc2 25. a3 Rd8 26. Rd1 Rb2 27.
Rxb2 Bxb2 28. d4 Bxa3 29. d5 b4 30. d6 b3 31. Ra1 b2 0-1

[Event "DVM U12 2012"]
[Site "Verden/Aller GER"]
[Date "2012.12.28"]
[Round "3"]
[White "Gomolinsky, Phil"]
[Black "Schumacher, Aaron"]
[Result "1-0"]
[Termination "normal"]
[Board "9.2"]
[WhiteElo "1328"]
[BlackElo "1123"]
[WhiteTeam "SC Porta Westfalica Holtrup 1950"]
[BlackTeam "Turm Wadern"]
[WhiteFideId "16200730"]
[BlackFideId "12952184"]
[EventCountry "GER"]
[EventRounds "7"]
[EventType "team-swiss"]
[EventDate "2012.12.26"]

1. e4 e6 2. Nc3 d5 3. Nf3 c5 4. exd5 exd5 5. d4 Nf6 6. Bg5 Be6 7. Bb5+ Nc6 8.
Ne5 Rc8 9. O-O Be7 10. Re1 a6 11. Bxc6+ bxc6 12. Qd2 Qb6 13. Na4 Qb5 14. b3
cxd4 15. Qxd4 h6 16. Bf4 c5 17. Qe3 O-O 18. Nxf7 Rxf7 19. Qxe6 Rc6 20. Qe2 Ne4
21. Bg3 Bf6 22. Rad1 Rd7 23. f3 Nd6 24. Rxd5 Rdc7 25. Rxd6 Qxe2 26. Rxe2 Rxd6
27. Bxd6 Rd7 28. Bxc5 Bh4 29. g3 Bf6 30. c4 a5 31. f4 Rd1+ 32. Kg2 g5 33. f5 h5
34. Bb6 h4 35. g4 Kf7 36. h3 Kg7 37. Bxa5 Bd4 38. Kf3 Rf1+ 39. Ke4 Rf4+ 40. Kd5
Bf6 41. Re3 Bd4 42. Re4 Rxe4 43. Kxe4 Bf6 44. c5 Kf7 45. c6 Ke7 46. c7 Kd7 47.
Nb6+ 1-0

[Event "DVM U12 2012"]
[Site "Verden/Aller GER"]
[Date "2012.12.28"]
[Round "3"]
[White "Schumacher, Simon"]
[Black "Götz, Michael"]
[Result "1/2-1/2"]
[Termination "normal"]
[Board "9.3"]
[WhiteElo "1142"]
[BlackElo "1353"]
[WhiteTeam "Turm Wadern"]
[BlackTeam "SC Porta Westfalica Holtrup 1950"]
[WhiteFideId "12957518"]
[BlackFideId "16200756"]
[EventCountry "GER"]
[EventRounds "7"]
[EventType "team-swiss"]
[EventDate "2012.12.26"]

1. e4 c5 2. c3 d5 3. exd5 Qxd5 4. Nf3 g6 5. d4 Bg7 6. Be3 cxd4 7. cxd4 Nf6 8.
Nc3 Qa5 9. Qd2 O-O 10. Bh6 Nc6 11. Bxg7 Kxg7 12. Be2 Bf5 13. Rd1 e6 14. O-O
Rfd8 15. Qe3 Rac8 16. Rd2 Nb4 17. a3 Nbd5 18. Nxd5 Qxd5 19. Qe5 Qxe5 20. Nxe5
1/2-1/2

[Event "DVM U12 2012"]
[Site "Verden/Aller GER"]
[Date "2012.12.28"]
[Round "3"]
[White "Liebelt, Jonas"]
[Black "Kurz, Annika"]
[Result "1/2-1/2"]
[Termination "normal"]
[Board "9.4"]
[WhiteElo "1190"]
[BlackElo "963"]
[WhiteTeam "SC Porta Westfalica Holtrup 1950"]
[BlackTeam "Turm Wadern"]
[WhiteFideId "16200748"]
[EventCountry "GER"]
[EventRounds "7"]
[EventType "team-swiss"]
[EventDate "2012.12.26"]

1. e4 d6 2. Nf3 Nf6 3. d3 g6 4. Be2 Bg7 5. O-O O-O 6. Nc3 Bg4 7. h3 Bxf3 8.
Bxf3 Nc6 9. Be3 e5 10. Ne2 Nd7 11. c3 Ne7 12. b4 f5 13. Nc1 f4 14. Bd2 Nf6 15.
d4 g5 16. Nb3 Ng6 17. g3 Qd7 18. Bg4 Qc6 19. d5 Qb6 20. Kh2 Nxe4 21. Qe2 Nf6
22. c4 c6 23. c5 dxc5 24. bxc5 Qc7 25. d6 Qd8 26. Bf5 Re8 27. Bxg6 hxg6 28.
Rad1 b6 29. Bc3 Nd5 30. Rc1 bxc5 31. Nxc5 Qxd6 32. Ne4 Qe7 33. Bd2 Rad8 1/2-1/2

[Event "DVM U12 2012"]
[Site "Verden/Aller GER"]
[Date "2012.12.28"]
[Round "3"]
[White "Poetsch, Leonore"]
[Black "Kölz, Niklas"]
[Result "0-1"]
[Termination "normal"]
[Board "10.1"]
[WhiteElo "1385"]
[BlackElo "1606"]
[WhiteTeam "Sfr. Schöneck"]
[BlackTeam "Märkischer Springer Halver-Schalksmühle"]
[WhiteFideId "12940372"]
[BlackFideId "12971758"]
[EventCountry "GER"]
[EventRounds "7"]
[EventType "team-swiss"]
[EventDate "2012.12.26"]

1. e4 c5 2. c3 Nf6 3. e5 Nd5 4. d4 cxd4 5. cxd4 Nc6 6. Nf3 e6 7. Nc3 Bb4 8. Bd2
Nb6 9. Ne4 d5 10. Ng3 Be7 11. Bd3 Nc4 12. Bxc4 dxc4 13. Bc3 b5 14. a3 a5 15.
O-O Bb7 16. b3 b4 17. axb4 axb4 18. Rxa8 Bxa8 19. Bb2 c3 20. Bc1 Bb7 21. Be3
Qd5 22. Qc2 Na5 23. Rb1 O-O 24. h3 Ra8 25. Ne1 Nc6 26. f4 Nxd4 27. Bxd4 Qxd4+
28. Qf2 Qxf2+ 29. Kxf2 Ra2+ 30. Kg1 Bc5+ 31. Kh2 Bf2 32. Nf3 c2 33. Rc1 Be3 0-1

[Event "DVM U12 2012"]
[Site "Verden/Aller GER"]
[Date "2012.12.28"]
[Round "3"]
[White "Sailer, Tom"]
[Black "Herbert, Fabian"]
[Result "1-0"]
[Termination "normal"]
[Board "10.2"]
[WhiteElo "883"]
[BlackElo "1092"]
[WhiteTeam "Märkischer Springer Halver-Schalksmühle"]
[BlackTeam "Sfr. Schöneck"]
[WhiteFideId "16200675"]
[BlackFideId "12940402"]
[EventCountry "GER"]
[EventRounds "7"]
[EventType "team-swiss"]
[EventDate "2012.12.26"]

1. d4 d5 2. f4 Bf5 3. Nf3 Nf6 4. e3 e6 5. Bd3 Bg6 6. O-O Be7 7. Nbd2 O-O 8. Ne5
Bh5 9. Qe1 Nbd7 10. Qh4 Bg6 11. Nxg6 fxg6 12. Rf3 Nh5 13. Qg4 Rf6 14. g3 c5 15.
c3 c4 16. Bc2 Rb8 17. e4 dxe4 18. Nxe4 Rf7 19. Qxe6 Nb6 20. Ng5 Bxg5 21. fxg5
Qf8 22. Rxf7 Qxf7 23. Qxf7+ Kxf7 24. Bd2 h6 25. Rf1+ Kg8 26. Bxg6 Nxg3 27. hxg3
hxg5 28. Bxg5 Nd7 29. Bf7+ Kh7 30. Bxc4 Kh8 31. b4 Nf8 32. Bd5 b6 33. a4 Nh7
34. Bf4 Rc8 35. c4 Nf6 36. Be6 Rd8 37. Be5 Nh7 38. d5 Ng5 39. Rf4 Kh7 40. Bf5+
Kg8 41. d6 Kh8 42. d7 Kg8 43. Bc7 Ra8 44. d8=Q+ Rxd8 45. Bxd8 Nf7 46. Be6 Kh7
47. Bxf7 a5 48. Rh4# 1-0

[Event "DVM U12 2012"]
[Site "Verden/Aller GER"]
[Date "2012.12.28"]
[Round "3"]
[White "Timpel, Kaan"]
[Black "Hardt, Silas"]
[Result "1/2-1/2"]
[Termination "normal"]
[Board "10.3"]
[WhiteElo "939"]
[BlackElo "1087"]
[WhiteTeam "Sfr. Schöneck"]
[BlackTeam "Märkischer Springer Halver-Schalksmühle"]
[WhiteFideId "12983683"]
[BlackFideId "16200667"]
[EventCountry "GER"]
[EventRounds "7"]
[EventType "team-swiss"]
[EventDate "2012.12.26"]

1. e4 e5 2. Nf3 Nc6 3. Bc4 Bc5 4. Nc3 d6 5. d3 Bg4 6. h3 Bh5 7. g4 Bg6 8. h4 h6
9. g5 hxg5 10. Nxg5 f6 11. Ne6 Qd7 12. Nb5 Bb6 13. Be3 Nd4 14. Nexd4 exd4 15.
Bxd4 Qc6 16. Bxb6 Qxb6 17. h5 Qc5 18. Qf3 O-O-O 19. Qe3 Kb8 20. Qxc5 dxc5 21.
O-O-O Rxh5 22. Rxh5 Bxh5 23. Rh1 g6 24. f4 Ne7 25. f5 Bf3 26. Rh3 Bh5 27. Bf7
Rf8 28. fxg6 Bxg6 29. Bxg6 Nxg6 30. Rh6 Nf4 31. Nc3 c6 32. Kd2 b5 33. Ne2 Nxe2
34. Kxe2 Kb7 35. c4 bxc4 36. dxc4 f5 37. e5 Kc7 38. Rh7+ Kd8 39. Rxa7 Re8 40.
Kf3 Rxe5 41. Kf4 Re2 42. b3 Rf2+ 43. Kg3 Rf1 44. Rf7 Ke8 45. Rf6 Kd7 46. a4 Rb1
47. Rxf5 Rxb3+ 48. Kf4 Rb4 49. Rxc5 1/2-1/2

[Event "DVM U12 2012"]
[Site "Verden/Aller GER"]
[Date "2012.12.28"]
[Round "4"]
[White "Baberz, Alexander"]
[Black "Kololli, Kevin"]
[Result "0-1"]
[Termination "normal"]
[Board "1.1"]
[WhiteElo "1807"]
[BlackElo "1827"]
[WhiteTeam "Hamburger SK von 1830"]
[BlackTeam "Lübecker SV von 1873"]
[WhiteFideId "12921734"]
[BlackFideId "12936863"]
[EventCountry "GER"]
[EventRounds "7"]
[EventType "team-swiss"]
[EventDate "2012.12.26"]

1. d4 Nf6 2. c4 c5 3. d5 e6 4. Nc3 exd5 5. cxd5 d6 6. e4 g6 7. f4 Nbd7 8. Nf3
Bg7 9. Bd3 O-O 10. O-O Re8 11. Re1 Qc7 12. h3 a6 13. a4 c4 14. Bc2 b6 15. Re2
Rb8 16. Nd4 Bb7 17. g4 Ba8 18. Kh1 Nc5 19. Kh2 Qd8 20. g5 Nh5 21. Be3 h6 22. h4
Qd7 23. Rf2 hxg5 24. hxg5 b5 25. axb5 axb5 26. Qf3 b4 27. Na4 b3 0-1

[Event "DVM U12 2012"]
[Site "Verden/Aller GER"]
[Date "2012.12.28"]
[Round "4"]
[White "Kololli, Martin"]
[Black "Rogozenco, Teodora"]
[Result "1-0"]
[Termination "normal"]
[Board "1.2"]
[WhiteElo "1816"]
[BlackElo "1719"]
[WhiteTeam "Lübecker SV von 1873"]
[BlackTeam "Hamburger SK von 1830"]
[WhiteFideId "12936910"]
[BlackFideId "12938084"]
[EventCountry "GER"]
[EventRounds "7"]
[EventType "team-swiss"]
[EventDate "2012.12.26"]

1. e4 d6 2. d4 Nf6 3. Nc3 e5 4. Nf3 Nbd7 5. Bc4 Be7 6. O-O O-O 7. Bb3 c6 8. Re1
b5 9. d5 b4 10. dxc6 bxc3 11. cxd7 Bxd7 12. bxc3 Qc7 13. Ba3 Bc6 14. Nd2 Rfd8
15. f3 a5 16. Qe2 Rac8 17. Rad1 Ba8 18. Kh1 Nh5 19. g3 g6 20. Bb2 Ng7 21. Nf1
Rb8 22. a4 Ne6 23. Ne3 Rdc8 24. Ba3 Nc5 25. Bxc5 Qxc5 26. Qc4 Qxc4 27. Nxc4 Rc5
28. Nxd6 Bxd6 29. Rxd6 Bc6 30. Red1 Kg7 31. Rd8 Rb6 32. R1d6 1-0